Manuscritos y documentos españoles para la historia de la Isla de Pascua : (Record no. 1193)
[ view plain ]
| 000 -CABECERA | |
|---|---|
| campo de control de longitud fija | 00890cam a2200205 a 4500 |
| 001 - NÚMERO DE CONTROL | |
| campo de control | 000001249 |
| 005 - FECHA Y HORA DE LA ÚLTIMA TRANSACCIÓN | |
| campo de control | 20200929145523.0 |
| 008 - DATOS DE LONGITUD FIJA--INFORMACIÓN GENERAL | |
| campo de control de longitud fija | 880226s1986 sp a b 001 0 spa |
| 020 ## - NÚMERO INTERNACIONAL ESTÁNDAR DEL LIBRO | |
| Número Internacional Estándar del Libro | 8474334284 |
| 040 ## - FUENTE DE LA CATALOGACIÓN | |
| Centro catalogador/agencia de origen | DO-SdBNP |
| Lengua de catalogación | spa |
| Centro/agencia transcriptor | BNPHU |
| 082 ## - NÚMERO DE LA CLASIFICACIÓN DECIMAL DEWEY | |
| Número de clasificación | 996.18 |
| Número de documento/Ítem | M525m |
| 100 1# - ENTRADA PRINCIPAL--NOMBRE DE PERSONA | |
| Nombre de persona | Mellén Blanco, Francisco. |
| 9 (RLIN) | 4251 |
| 245 10 - MENCIÓN DE TÍTULO | |
| Título | Manuscritos y documentos españoles para la historia de la Isla de Pascua : |
| Resto del título | la expedición del capitán D. Felipe González de Haedo a la Isla de David / |
| Mención de responsabilidad, etc. | Francisco Mellén Blanco. |
| 260 ## - PUBLICACIÓN, DISTRIBUCIÓN, ETC. | |
| Lugar de publicación, distribución, etc. | España : |
| Nombre del editor, distribuidor, etc. | Centro de Estudios Históricos de Obras Públicas y Urbanismo (CEHOPU), |
| Fecha de publicación, distribución, etc. | 1986. |
| 300 ## - DESCRIPCIÓN FÍSICA | |
| Extensión | 380 p. : |
| Otras características físicas | il., mapas ; |
| Dimensiones | 25 cm. |
| 586 ## - NOTA DE PREMIOS | |
| Nota de premios | Mención especial en los premios de Cultura Hispánica de 1983 |
| 651 #4 - PUNTO DE ACCESO ADICIONAL DE MATERIA--NOMBRE GEOGRÁFICO | |
| Nombre geográfico | Pascua (Isla{Rpara} |
| 9 (RLIN) | 4252 |
| 651 #4 - PUNTO DE ACCESO ADICIONAL DE MATERIA--NOMBRE GEOGRÁFICO | |
| Nombre geográfico | Isla De Pascua |
| Subdivisión general | Historia |
| -- | Fuentes |
| 9 (RLIN) | 4253 |
| 600 14 - PUNTO DE ACCESO ADICIONAL DE MATERIA--NOMBRE DE PERSONA | |
| Nombre de persona | GONZÁLEZ DE HAEDO, FELIPE, |
| Fechas asociadas al nombre | 1714-1792. |
| 9 (RLIN) | 4254 |
| Estado de retiro | Estado de pérdida | Restricciones de uso | No para préstamo | Código de colección | Localización permanente | Ubicación/localización actual | Ubicación en estantería | Fecha de adquisición | Número de inventario | Total de préstamos | Signatura topográfica completa | Código de barras | Fecha visto por última vez | Precio válido a partir de | Tipo de ítem Koha |
|---|---|---|---|---|---|---|---|---|---|---|---|---|---|---|---|
| Préstamo interno | Préstamo en sala | Dominicana de Servicio | Biblioteca Nacional Pedro Henríquez Ureña | Biblioteca Nacional Pedro Henríquez Ureña | Depósito | 04.09.2009 | LF1 | 996.18 M525m | 1249-10 | 25.06.2020 | 25.06.2020 | Libros y folletos |
